000 00710nam a2200253Ia 4500
003 OSt
005 20220930071607.0
006 a|||||r|||| 00| 0
007 ta
008 220926b |||||||| |||| 00| 0 hin d
024 _a17652
037 _cTheses
040 _aCRL
_cCRL
_bhin
041 _2hin
_ahin
100 _aSharma Kanti Mohan
_9528663
110 _aUniversity of Delhi. Faculty of Arts. Department of Hindi
245 0 _aPrem Chand aur achchoot samasya.
260 _c1980
300 _a317p.
_ap.
_ccm.
650 _aHINDI LITERATURE
_923866
700 _aUniversity of Delhi. Faculty of Arts. Department of Hindi
942 _cDIS
_2CC
999 _c862525
_d862525